000 00525 a2200181 4500
003 OSt
005 20240125123600.0
008 240125b |||||||| |||| 00| 0 eng d
020 _a9788195126910
040 _coclc
082 _a954
_bMAL/M
100 _aMalayamma, Moyin
_910302
245 _aMalabar Charithram:
_bPaadavum Padanavum /
_cMoyin Malayamma
250 _a1st ed.
260 _aMalappuram:
_bBook Plus Publishers,
_c2021.
300 _a140p.
942 _2ddc
_cBK
_h954
_iMAL/M
_k954
_mMAL/M
999 _c43315
_d43315